Online katalóg knižníc regiónu Turca

Na vnútornej strane viečok (Record no. 21499)

MARC details
000 -LEADER
fixed length control field 01581nam a22004215a 4500
001 - CONTROL NUMBER
control field 21499
003 - CONTROL NUMBER IDENTIFIER
control field VRT
005 - DATE AND TIME OF LATEST TRANSACTION
control field 20260302145649.0
008 - FIXED-LENGTH DATA ELEMENTS--GENERAL INFORMATION
fixed length control field 240313s2011 xo a g 000 p slo
015 ## - NATIONAL BIBLIOGRAPHY NUMBER
National bibliography number SNBA2012/03-01374
020 ## - INTERNATIONAL STANDARD BOOK NUMBER
International Standard Book Number 9788097044701
Qualifying information (viaz.)
035 ## - SYSTEM CONTROL NUMBER
System control number 57CD298B-4425-4D1E-B1DC-FAC20708862F
035 ## - SYSTEM CONTROL NUMBER
System control number urn:nbn:sk:snk-amjjsn
035 ## - SYSTEM CONTROL NUMBER
System control number urn:nbn:sk:snk-am000yy7
039 #9 - LEVEL OF BIBLIOGRAPHIC CONTROL AND CODING DETAIL [OBSOLETE]
Level of rules in bibliographic description 202403131717
Level of effort used to assign nonsubject heading access points VLOAD
Level of effort used to assign subject headings 201912291942
Level of effort used to assign classification AUTHORITY
Level of effort used to assign subject headings 201912291929
Level of effort used to assign classification AUTHORITY
Level of effort used to assign subject headings 201508271420
Level of effort used to assign classification VLOAD
040 ## - CATALOGING SOURCE
Original cataloging agency SNK
Language of cataloging slo
Transcribing agency SNK
Description conventions AACR2
041 0# - LANGUAGE CODE
Language code of text/sound track or separate title slo
044 ## - COUNTRY OF PUBLISHING/PRODUCING ENTITY CODE
MARC country code xo
ISO country code SK
072 #7 - SUBJECT CATEGORY CODE
Subject category code 821.162.4-1
Subject category code subdivision Slovenská poézia
Source konspekt
080 ## - UNIVERSAL DECIMAL CLASSIFICATION NUMBER
Universal Decimal Classification number 821.162.4-1
Edition identifier 2001
100 1# - MAIN ENTRY--PERSONAL NAME
Personal name Ondrejička, Erik,
Dates associated with a name 1964-
Relationship aut
245 10 - TITLE STATEMENT
Title Na vnútornej strane viečok
Statement of responsibility, etc. Erik Ondrejička ; [ilustrácie Albín Brunovský ; dizajn Pergamen]
250 ## - EDITION STATEMENT
Edition statement 2. zm. vyd.
260 ## - PUBLICATION, DISTRIBUTION, ETC.
Place of publication, distribution, etc. Bratislava
Name of publisher, distributor, etc. Prokat
Date of publication, distribution, etc. 2011
Place of manufacture Banská Bystrica
Manufacturer Tlačiarne BB
300 ## - PHYSICAL DESCRIPTION
Extent 150 s.
Other physical details ilustr.
Dimensions 24 cm
655 #7 - INDEX TERM--GENRE/FORM
Genre/form data or focus term slovenská poézia
Source of term SNKPH
655 #7 - INDEX TERM--GENRE/FORM
Genre/form data or focus term Slovak poetry
Source of term SNKPHeng
700 1# - ADDED ENTRY--PERSONAL NAME
Personal name Brunovský, Albín,
Dates associated with a name 1935-1997
Relationship ill
710 1# - ADDED ENTRY--CORPORATE NAME
Corporate name or jurisdiction name as entry element Pergamen (Trnava)
Relationship bkd
711 2# - ADDED ENTRY--MEETING NAME
Meeting name or jurisdiction name as entry element Najkrajšie knihy Slovenska
Location of meeting Bratislava, Slovensko).
Date of meeting or treaty signing 2011
942 ## - ADDED ENTRY ELEMENTS (KOHA)
Source of classification or shelving scheme Dewey Decimal Classification
Koha item type Krásna literatúra pre dospelých
Suppress in OPAC No
949 ## - LOCAL PROCESSING INFORMATION (OCLC)
6 17A0877645
a snkSC 148221
b snk2012/3699
o 441/12
949 ## - LOCAL PROCESSING INFORMATION (OCLC)
6 17A0877644
a snkSC 148221 D1
b snk2012/3700
o 441/12
s 6100:20210923
949 ## - LOCAL PROCESSING INFORMATION (OCLC)
6 270001000399938
a svkbbB 48207
b svkbbm 728114
949 ## - LOCAL PROCESSING INFORMATION (OCLC)
6 3870A21900
a binNKS 11/04
b bin21900
980 ## - EQUIVALENCE OR CROSS-REFERENCE-SERIES STATEMENT--PERSONAL NAME/TITLE [LOCAL, CANADA]
Personal name 821.162.4-1
Holdings
Stav vyradenia Strata Poškodenie Spôsob nadobudnutia Domovská knižnica Aktuálna knižnica Dátum nadobudnutia Total checkouts Čiarový kód exemplára Date last seen Typ exemplára
      Dar Mestská knižnica Turany Mestská knižnica Turany 02.03.2026   4712401310 02.03.2026 Krásna literatúra pre dospelých
Projekt je podporený Slovenskou asociáciou knižníc
Prevádzkuje Turčianska knižnica Martin 2026